[Event "Muensterland Verbandsklasse Gr1 2223"]
[Site "Germany"]
[Date "2022.09.17"]
[Round "1.7"]
[White "Knop, Adrian"]
[Black "Voigt, Hartmut"]
[Result "1/2-1/2"]
[WhiteElo "1565"]
[BlackElo "1528"]
[PlyCount "42"]
[EventDate "2022.09.17"]
[EventType "team-tourn"]
[EventRounds "5"]
[EventCountry "GER"]
[SourceTitle "EXT 2024"]
[Source "ChessBase"]
[SourceDate "2023.10.10"]
[SourceVersion "1"]
[SourceVersionDate "2023.10.10"]
[SourceQuality "1"]
[WhiteTeam "Heiden II"]
[BlackTeam "Hiltrup"]
[WhiteTeamCountry "GER"]
[BlackTeamCountry "GER"]

1. e4 d5 2. exd5 Qxd5 3. Nc3 Qd6 4. Bc4 Nf6 5. Nf3 Bg4 6. d3 e6 7. Bg5 Nbd7 8. Qe2 Be7 9. Nb5 Qb6 10. Be3 c5 11. Bf4 Rc8 12. h3 Bf5 13. Rb1 a6 14. Nc3 Qb4 15. a3 Qa5 16. 0-0 0-0 17. Ne5 b5 18. Nxd7 Nxd7 19. Bb3 Qd8 20. Ne4 Nb6 21. Rfd1 Nd5 1/2-1/2

[Event "Muensterland Verbandsklasse 2122"]
[Site "Germany"]
[Date "2021.11.06"]
[Round "2.8"]
[White "Voigt, Hartmut"]
[Black "Bexten, Alvin"]
[Result "1-0"]
[WhiteElo "1545"]
[BlackElo "1572"]
[PlyCount "95"]
[EventDate "2021.09.25"]
[EventType "team-tourn"]
[EventRounds "2"]
[EventCountry "GER"]
[SourceTitle "EXT 2023"]
[Source "ChessBase"]
[SourceDate "2022.10.05"]
[SourceVersion "1"]
[SourceVersionDate "2022.10.05"]
[SourceQuality "1"]
[WhiteTeam "Hiltrup"]
[BlackTeam "Muenster Indische Dame"]
[WhiteTeamCountry "GER"]
[BlackTeamCountry "GER"]

1. e4 e6 2. Nc3 d5 3. d4 dxe4 4. Nxe4 Nd7 5. g3 Ngf6 6. Qd3 c5 7. Be3 Nxe4 8. Qxe4 Nf6 9. Qf3 Qb6 10. 0-0-0 Bd7 11. Qe2 Bc6 12. Nf3 Rc8 13. Bg2 Bb5 14. Qe1 c4 15. d5 Bc5 16. Bd4 Bxd4 17. Nxd4 Rd8 18. Nxb5 Qxb5 19. d6 0-0 20. h4 Qa6 21. Qb4 Rd7 22. a4 Rfd8 23. Rd4 Rxd6 24. Bxb7 Qb6 25. Qxb6 axb6 26. Rxc4 Kf8 27. h5 Nd5 28. Ba6 e5 29. Bb5 f5 30. Rc6 Ke7 31. Rd1 Nb4 32. Rc7+ Kf6 33. Rxd6+ Rxd6 34. Bc4 Rc6 35. Rxc6+ Nxc6 36. c3 e4 37. b4 Ne5 38. Be2 Ke6 39. a5 bxa5 40. bxa5 Kd6 41. a6 Kc6 42. Kd2 Nd7 43. Ke3 g5 44. hxg6 hxg6 45. Kf4 Nf8 46. c4 Kb6 47. c5+ Ka7 48. Bc4 1-0